|
|
|
|
| LEADER |
01874nam a22003375i 4500 |
| 001 |
978-1-4842-2659-9 |
| 003 |
DE-He213 |
| 005 |
20170314170112.0 |
| 007 |
cr nn 008mamaa |
| 008 |
170314s2017 xxu| s |||| 0|eng d |
| 020 |
|
|
|a 9781484226599
|9 978-1-4842-2659-9
|
| 024 |
7 |
|
|a 10.1007/978-1-4842-2659-9
|2 doi
|
| 040 |
|
|
|d GrThAP
|
| 100 |
1 |
|
|a Kurniawan, Agus.
|e author.
|
| 245 |
1 |
0 |
|a Arduino Programming with .NET and Sketch
|h [electronic resource] /
|c by Agus Kurniawan.
|
| 264 |
|
1 |
|a Berkeley, CA :
|b Apress :
|b Imprint: Apress,
|c 2017.
|
| 300 |
|
|
|a XV, 168 p. 130 illus., 127 illus. in color.
|b online resource.
|
| 336 |
|
|
|a text
|b txt
|2 rdacontent
|
| 337 |
|
|
|a computer
|b c
|2 rdamedia
|
| 338 |
|
|
|a online resource
|b cr
|2 rdacarrier
|
| 347 |
|
|
|a text file
|b PDF
|2 rda
|
| 520 |
|
|
|a Leverage .NET and Sketch in Arduino development implementation and integrate it into your .NET program. There are many Arduino models and compatible shields that can be used in Arduino boards. Integrating between an Arduino platform and .NET technology or Sketch can produce more advantages. Arduino Programming using .NET and Sketch shows readers how to do so with practical Arduino projects, such as preparing a development environment, performing sensing and actuating with external devices, implementing Windows Remote Arduino and building a simple IoT program. Use this quick reference to learn the basics of the Arduino platform and start your Arduino programming in .NET and Sketch today.
|
| 650 |
|
0 |
|a Computer science.
|
| 650 |
1 |
4 |
|a Computer Science.
|
| 650 |
2 |
4 |
|a Hardware and Maker.
|
| 710 |
2 |
|
|a SpringerLink (Online service)
|
| 773 |
0 |
|
|t Springer eBooks
|
| 776 |
0 |
8 |
|i Printed edition:
|z 9781484226582
|
| 856 |
4 |
0 |
|u http://dx.doi.org/10.1007/978-1-4842-2659-9
|z Full Text via HEAL-Link
|
| 912 |
|
|
|a ZDB-2-CWD
|
| 950 |
|
|
|a Professional and Applied Computing (Springer-12059)
|